000
00298nam a2200109Ia 4500
100
_a
Dr/.Srija Unnikrishnan
942
_c
BK
245
_a
Advances in computing communication and control:International conference ICA3 2011:Proceedings
260
_b
Springer
_c
2011
546
_a
ENGLISH
999
_c
35546
_d
35546